Most Guessed Capital Cities - Statistics

General Stats
  • This quiz has been taken 78 times
  • The average score is 13 of 15
Answer Stats
Percentage Answer % Correct
91% Paris
100%
88% London
97%
87% Berlin
96%
83% Madrid
95%
84% Washington D.C.
95%
82% Moscow
92%
88% Rome
91%
76% Beijing
90%
79% Tokyo
88%
75% Amsterdam
83%
75% Brussels
77%
77% Oslo
76%
80% Dublin
73%
81% Athens
69%
75% Vienna
68%
No matching quizzes found
Score Distribution
Percent of People with Each Score
Percentile by Number Answered
Your Score History
You have not taken this quiz